Ballon d'Or 2019 - Statistiken

Allgemein
  • Dieses Quiz wurde 674 mal gespielt
  • Das Durchschnittsergebnis liegt bei 25 aus 30
Antwortstatistiken
Platz Spieler Verein/e Nation Stimmen % Korrekt
3. Cristiano Ronaldo Juventus Turin Portugal 476
100%
1. Lionel Messi FC Barcelona Argentinien 686
100%
5. Mohamed Salah FC Liverpool Ägypten 178
99%
8. Robert Lewandowski FC Bayern München Polen 44
99%
4. Sadio Mané FC Liverpool Senegal 347
99%
6. Kylian Mbappé Paris Saint-Germain Frankreich 89
98%
2. Virgil van Dijk FC Liverpool Niederlande 679
96%
22. Heung-Min Son Tottenham Hotspur Südkorea 4
93%
14. Kevin de Bruyne Manchester City Belgien 14
93%
11. Frenkie de Jong Ajax Amsterdam/FC Barcelona Niederlande 31
91%
10. Riyad Mahrez Manchester City Algerien 33
91%
24. Marc-André ter Stegen FC Barcelona Deutschland 2
90%
18. Antoine Griezmann Atletico Madrid/FC Barcelona Frankreich 9
89%
15. Mathijs de Ligt Ajax Amsterdam/Juventus Turin Niederlande 13
89%
24. Karim Benzema Real Madrid Frankreich 2
88%
13. Eden Hazard FC Chelsea/Real Madrid Belgien 25
87%
20. Pierre-Emerick Aubameyang FC Arsenal Gabun 5
86%
17. Roberto Firmino FC Liverpool Brasilien 11
86%
7. Alisson FC Liverpool Brasilien 67
83%
16. Sergio Agüero Manchester City Argentinien 12
82%
12. Raheem Sterling Manchester City England 30
81%
28. Joao Felix Benfica Lissabon/Atletico Madrid Portugal 0
79%
9. Bernado Silva Manchester City Portugal 41
76%
19. Trent Alexander-Arnold FC Liverpool England 8
76%
20. Dusan Tadic Ajax Amsterdam Serbien 5
73%
23. Hugo Lloris Tottenham Hotspur Frankreich 3
71%
24. Kalidou Koulibaly SSC Neapel Senegal 2
70%
27. Georginio Wijnaldum FC Liverpool Niederlande 1
58%
28. Marquinhos Paris Saint-Germain Brasilien 0
54%
28. Donny van de Beek Ajax Amsterdam Niederlande 0
43%
Keine übereinstimmenden Quizze gefunden
Verteilung der Resultate
Anzahl Personen mit jedem Resultat
Perzentil nach korrekt beantworteten Fragen
Ihre Resultats-Entwicklung
Sie haben dieses Quiz noch nicht gespielt